000 01003nam a22002537a 4500
005 20170810144618.0
010 _a1516EN07 ENG-113598
020 _c795.00
_a9788170949282
035 _aEN-97130
035 _aB-600839-854
035 _aB-666106
037 _bDBAD/PUB
037 _bPragati/VEN
_aDPL
082 _aN
100 _aAnand, Mulk Raj
245 _aThe big heart /
_cby Mulk Raj Anand ; edited with an introduction by Saros Cowasjee
260 _aNew Delhi
_bVision Books
_c2015
270 _a24 Feroze Gandhi Road, Lajpat Nagar - III
_bNew Delhi
_e110024
300 _a296p.
_c23cm(Hb)
700 _aCowasjee, Saros
942 _2ddc
_cEN
_mANA
_hN
999 _c95079
_d95079